| 000 | 00822nam a2200265 a 4500 | ||
|---|---|---|---|
| 001 | 67689 | ||
| 003 | BD-RjUL | ||
| 005 | 20211209081701.0 | ||
| 008 | 170328s19661963enkaf b 001 0 engm | ||
| 035 | _a(BD-RjUL)67898 | ||
| 040 |
_aDLC _cUVC _dUVC _dMYG _dBD-RjUL _beng |
||
| 041 | _aeng | ||
| 082 |
_223 _a539.77 _bDES 1966 |
||
| 090 |
_aQC787.C6 _bD285 1966 |
||
| 099 | _aQC787.C6.D285 1966 | ||
| 100 | 1 |
_aDearnaley, G. _q(Geoffrey) _9200685 |
|
| 245 | 1 | 0 |
_aSemiconductor Counters for nuclear radiations / _cby G. Dearnaley and D. C. Northrop. |
| 250 | _a2nd ed.nl. | ||
| 260 |
_aLondon, _bSpon, _c1966. |
||
| 300 |
_axx, 459 p. ; _bill. ; _c23 cm. |
||
| 504 | _aBibliography: p. 402-444. | ||
| 650 | 0 |
_aSemiconductor nuclear counters. _9200686 |
|
| 700 | 1 |
_aNorthrop, D. C. _q(David Covell) _9200687 |
|
| 942 |
_2ddc _cBK |
||
| 999 |
_c67689 _d67689 |
||